00385nam a22001337a 450000500170000000800410001702000180005805000250007610000200010124500470012126000500016830000240021852100090024220140310183653.0140125b xxu||||| |||| 00| 0 eng d a9781841122236 aHD 3616 b.M342 2002 aMariotti, John. aMaking Partnerships Work /cJohn Mariotti. aGreat Britain :bCapstone Publishing,cc2002. av, 134 p. :c17 cm. aBSBA